Mníchovská správa o stave sveta

V bavorskej metropole prebehla v druhej polovici februára výročná bezpečnostná konferencia, na ktorej sa zúčastnili politické, vojenské a podnikateľské špičky z celého sveta. Konferencia sa špecializuje na tematické okruhy zbrojenia, obrany a bezpečnosti. Približne 500 účastníkov sa pokúšalo ujasniť...

Ausführliche Beschreibung

Gespeichert in:
Bibliographische Detailangaben
1. Verfasser: Pressburg, Adrian Peter
Format: Buchkapitel
Sprache:Slowakisch
Schlagworte:
Tags: Tag hinzufügen
Keine Tags, Fügen Sie das erste Tag hinzu!

MARC

LEADER 00000naa a2200000 4500
001 0227726
005 20170303132728.2
041 0 |a slo 
044 |a SK 
245 1 0 |a Mníchovská správa o stave sveta  |c Adrian Peter Pressburg 
520 |a V bavorskej metropole prebehla v druhej polovici februára výročná bezpečnostná konferencia, na ktorej sa zúčastnili politické, vojenské a podnikateľské špičky z celého sveta. Konferencia sa špecializuje na tematické okruhy zbrojenia, obrany a bezpečnosti. Približne 500 účastníkov sa pokúšalo ujasniť si, či sa doterajšie usporiadanie pomerov vo svete nenávratne mení a akým smerom sa uberá. V atmosfére stupňujúceho sa antagonizmu Východ - Západ sa roztáčajú kolesá zbrojenia. Zabehané mechanizmy riadenia a pravidlá hry zlyhávajú pod náporom zvonku i zdola. 
610 2 0 |a konferencie 
610 2 0 |a politika medzinárodná 
610 2 0 |a vzťahy medzinárodné 
610 2 0 |a bezpečnosť medzinárodná 
610 2 0 |a zbrojenie 
610 2 0 |a svet 
100 1 |a Pressburg, Adrian Peter